Analýza vlastného imania v podnikateľskej účtovnej jednotke diplomová práca

Gespeichert in:
Bibliographische Detailangaben
1. Verfasser: Hořáková, Lenka
Körperschaft: Fakulta hospodárskej informatiky EU. Katedra účtovníctva a audítorstva
Weitere Verfasser: Szászová, Renáta
Format: Buch
Sprache:Slowakisch
Veröffentlicht: Bratislava 2012
Tags: Tag hinzufügen
Keine Tags, Fügen Sie das erste Tag hinzu!

MARC

LEADER 00000nbm a2200000 4500
001 0154813
005 20161109102146.3
041 0 |a slo 
044 |a SK 
245 1 0 |a Analýza vlastného imania v podnikateľskej účtovnej jednotke  |b diplomová práca  |c Lenka Hořáková ; školiteľ: Renáta Szászová 
264 1 |a Bratislava  |c 2012 
300 |a 78 s. 
100 1 |a Hořáková, Lenka 
700 1 |a Szászová, Renáta 
710 2 |a Fakulta hospodárskej informatiky EU. Katedra účtovníctva a audítorstva